Statistics for Pixar Movies that Won the Oscar for Best Animated Feature

Click here to take the quiz!

General Stats

  • This quiz has been taken 50 times
  • The average score is 7 of 9

Answer Stats

Year Movie % Correct
2010Toy Story 3
91%
2009Up
89%
2012Brave
80%
2008WALL-E
80%
2015Inside Out
78%
2004The Incredibles
76%
2007Ratatouille
72%
2003Finding Nemo
72%
2017Coco
70%

Score Distribution

Percentile by Number Answered

Percent of People with Each Score

Your Score History

You have not taken this quiz